000
00253nam a22001217a 4500
008
170615b xxu||||| |||| 00| 0 eng d
041
_a
eng
080
_a
32
100
_a
19
101
_a
SHP
245
_a
POLITICAL LIFE
_c
LANE.R.E
942
_2
udc
_c
BK
999
_c
17470
_d
17470